00662nam a22001817a 4500008004100000010001400041020002300055035001300078037001500091040001800106082001000124245016900134260004400303270004900347300003800396500002300434700002300457090128t xxu||||| |||| 00| 0 eng d aENG-92643 a8188934003c500.00 aEN-76176 bDBAD / PUB adplbEnglish  a230.2 aFacets of Shri Chandi-Nava Durga:cintroduction, commentary and English, translation by Chaman Lal Raina; foreword by Nathan Katzb(mystic glory of Devi Mahatmya) / aDelhi bSharada Publishing House c2004 a40, Anand Nagar, Inder Lok, bDelhi e110035 axx, 317p.:c22cm (Hb)bcol. ill.  aIncludes glossary  aRaina, Chaman Lal